| 000 | 01870nam a22003497i 4500 | ||
|---|---|---|---|
| 003 | DO-SdBNP | ||
| 005 | 20260321073644.0 | ||
| 007 | ta | ||
| 008 | 210519b 2018 dr ac 00| 0 eng d | ||
| 020 | _a9789945909821 | ||
| 040 |
_aDO-SdBNP _bspa _cBNPHU _erda |
||
| 082 | 4 |
_222 _a972.93054 _bU54d |
|
| 245 | 0 | 3 |
_aUn debate de vida o muerte : _bJuan Bosch versus Láutico García / _cprólogo y compilación, Eliades Acosta Matos. |
| 264 |
_aSanto Domingo : _bFundación Juan Bosch, _c2018. |
||
| 300 |
_a336 páginas : _bilustraciones, retratos _c23 cm. |
||
| 336 |
_2rdacontent _atexto _btxt |
||
| 337 |
_2rdamedia _asin mediación _bn |
||
| 338 |
_2rdacarrier _avolumen _bnc |
||
| 490 |
_a"Bosch vive" ; _v22 |
||
| 500 | _aIncluye datos biográficos del compilador en la solapa de la cubierta. | ||
| 500 | _aIncluye referencias bibliográficas y notas al pie de las páginas | ||
| 500 | _aIncluye índice onomástico | ||
| 505 | 0 |
_aJuan Bosch versus Láutico García : Un debate de vida o muerte / _rEliades Acosta Matos -- _gAnexo 1-- _tArtículos de la Nación antes del debate, del 1 al 12 de diciembre de 1962 -- _gAnexo 2 -- _tArtículos de Juan Bosch y el padre Láutico García, de 1959 a 1962 _gAnexo 3-- _tSe plantea el debate -- _gAnexo 4 -- _tEl debate: Juan Bosch versus Láutico García. Transcripción de fragmentos -- _gAnexo 5-- _tEcos inmediatos del debate -- _tMemoria gráfica -- _tÍndice onomástico. |
|
| 590 | _aInventariado, 2024/BT | ||
| 600 | 1 | 0 |
_a Bosch, Juan, _d1909-2001 _vCrítica e interpretación _976555 |
| 600 | 1 | 4 |
_aGarcía, Láutico, _d1923- _vArchivos _978944 |
| 650 | 4 |
_aCampaña electoral _zRepública Dominicana _93002 |
|
| 651 | 4 |
_aRepública Dominicana _xPolítica y gobierno _y1961- _9204 |
|
| 700 | 1 |
_aAcosta Matos, Eliades, _d1959- _e compilación y prólogo _974479 |
|
| 910 | _aValidado. Control de calidad MFF | ||
| 942 |
_2ddc _cLBS1 |
||
| 999 |
_c49827 _d49827 |
||